<?xml version="1.0" encoding="UTF-8"?>
<record
    xmlns:xsi="http://www.w3.org/2001/XMLSchema-instance"
    xsi:schemaLocation="http://www.loc.gov/MARC21/slim http://www.loc.gov/standards/marcxml/schema/MARC21slim.xsd"
    xmlns="http://www.loc.gov/MARC21/slim">

  <leader>01834nam a22003017a 4500</leader>
  <controlfield tag="003">NALT</controlfield>
  <controlfield tag="005">20241219114734.0</controlfield>
  <controlfield tag="008">241129b        th ||||| |||| 00| 0 tha d</controlfield>
  <datafield tag="020" ind1=" " ind2=" ">
    <subfield code="a">9786166163889</subfield>
  </datafield>
  <datafield tag="040" ind1=" " ind2=" ">
    <subfield code="a">NALT</subfield>
  </datafield>
  <datafield tag="050" ind1=" " ind2=" ">
    <subfield code="a">DS 584</subfield>
    <subfield code="b">&#xE1B;524&#xE2A; 2567</subfield>
  </datafield>
  <datafield tag="100" ind1="0" ind2=" ">
    <subfield code="a">&#xE1B;&#xE31;&#xE13;&#xE11;&#xE32; &#xE2A;&#xE34;&#xE23;&#xE34;&#xE01;&#xE38;&#xE25;</subfield>
    <subfield code="9">65248</subfield>
  </datafield>
  <datafield tag="245" ind1="1" ind2="0">
    <subfield code="a">2475 &#xE23;&#xE38;&#xE48;&#xE07;&#xE2D;&#xE23;&#xE38;&#xE13;&#xE41;&#xE2B;&#xE48;&#xE07;&#xE01;&#xE32;&#xE23;&#xE1B;&#xE0F;&#xE34;&#xE27;&#xE31;&#xE15;&#xE34; /</subfield>
    <subfield code="c">&#xE1B;&#xE31;&#xE13;&#xE11;&#xE32; &#xE2A;&#xE34;&#xE23;&#xE34;&#xE01;&#xE38;&#xE25;, &#xE27;&#xE34;&#xE27;&#xE31;&#xE18;&#xE19;&#xE4C; &#xE08;&#xE34;&#xE42;&#xE23;&#xE08;&#xE19;&#xE4C;&#xE01;&#xE38;&#xE25;, &#xE1B;&#xE23;&#xE32;&#xE0A;&#xE0D;&#xE4C; &#xE2A;&#xE32;&#xE21;&#xE2A;&#xE35;.</subfield>
  </datafield>
  <datafield tag="250" ind1=" " ind2=" ">
    <subfield code="a">&#xE1E;&#xE34;&#xE21;&#xE1E;&#xE4C;&#xE04;&#xE23;&#xE31;&#xE49;&#xE07;&#xE41;&#xE23;&#xE01;.</subfield>
  </datafield>
  <datafield tag="260" ind1=" " ind2=" ">
    <subfield code="a">&#xE01;&#xE23;&#xE38;&#xE07;&#xE40;&#xE17;&#xE1E;&#xE2F; : </subfield>
    <subfield code="b">&#xE19;&#xE32;&#xE04;&#xE23;&#xE32;&#xE1E;&#xE34;&#xE27;&#xE31;&#xE12;&#xE19;&#xE4C;,</subfield>
    <subfield code="c">2567.</subfield>
  </datafield>
  <datafield tag="300" ind1=" " ind2=" ">
    <subfield code="a">484 &#xE2B;&#xE19;&#xE49;&#xE32; :</subfield>
    <subfield code="b">&#xE20;&#xE32;&#xE1E;&#xE1B;&#xE23;&#xE30;&#xE01;&#xE2D;&#xE1A; ;</subfield>
    <subfield code="c">22 &#xE0B;&#xE21;.</subfield>
  </datafield>
  <datafield tag="505" ind1="2" ind2=" ">
    <subfield code="a">&#xE1A;&#xE17;&#xE17;&#xE35;&#xE48; 1 &#xE40;&#xE1A;&#xE37;&#xE49;&#xE2D;&#xE07;&#xE41;&#xE23;&#xE01;&#xE1B;&#xE23;&#xE30;&#xE0A;&#xE32;&#xE18;&#xE34;&#xE1B;&#xE44;&#xE15;&#xE22; --
&#xE1A;&#xE17;&#xE17;&#xE35;&#xE48; 2 &#xE27;&#xE31;&#xE19;&#xE01;&#xE48;&#xE2D;&#xE01;&#xE32;&#xE23; --
&#xE1A;&#xE17;&#xE17;&#xE35;&#xE48; 3 &#xE23;&#xE31;&#xE10;&#xE18;&#xE23;&#xE23;&#xE21;&#xE19;&#xE39;&#xE0D;&#xE0A;&#xE31;&#xE48;&#xE27;&#xE04;&#xE23;&#xE32;&#xE27; --
&#xE1A;&#xE17;&#xE17;&#xE35;&#xE48; 4 &#xE04;&#xE27;&#xE32;&#xE21;&#xE02;&#xE31;&#xE14;&#xE41;&#xE22;&#xE49;&#xE07; --
&#xE1A;&#xE17;&#xE17;&#xE35;&#xE48; 5 &#xE2A;&#xE07;&#xE04;&#xE23;&#xE32;&#xE21;&#xE01;&#xE25;&#xE32;&#xE07;&#xE40;&#xE21;&#xE37;&#xE2D;&#xE07; --
&#xE1A;&#xE17;&#xE17;&#xE35;&#xE48; 6 &#xE23;&#xE32;&#xE0A;&#xE31;&#xE19;&#xE1C;&#xE39;&#xE49;&#xE19;&#xE34;&#xE23;&#xE32;&#xE28;.</subfield>
  </datafield>
  <datafield tag="650" ind1=" " ind2="4">
    <subfield code="a">&#xE01;&#xE32;&#xE23;&#xE4C;&#xE15;&#xE39;&#xE19;&#xE01;&#xE32;&#xE23;&#xE40;&#xE21;&#xE37;&#xE2D;&#xE07;</subfield>
    <subfield code="9">22101</subfield>
  </datafield>
  <datafield tag="651" ind1=" " ind2="4">
    <subfield code="a">&#xE44;&#xE17;&#xE22;</subfield>
    <subfield code="x">&#xE01;&#xE32;&#xE23;&#xE40;&#xE21;&#xE37;&#xE2D;&#xE07;&#xE41;&#xE25;&#xE30;&#xE01;&#xE32;&#xE23;&#xE1B;&#xE01;&#xE04;&#xE23;&#xE2D;&#xE07; </subfield>
    <subfield code="x">&#xE01;&#xE32;&#xE23;&#xE4C;&#xE15;&#xE39;&#xE19;</subfield>
    <subfield code="9">65255</subfield>
  </datafield>
  <datafield tag="651" ind1=" " ind2="4">
    <subfield code="a">&#xE44;&#xE17;&#xE22;</subfield>
    <subfield code="x">&#xE01;&#xE32;&#xE23;&#xE40;&#xE21;&#xE37;&#xE2D;&#xE07;&#xE41;&#xE25;&#xE30;&#xE01;&#xE32;&#xE23;&#xE1B;&#xE01;&#xE04;&#xE23;&#xE2D;&#xE07;</subfield>
    <subfield code="9">76</subfield>
  </datafield>
  <datafield tag="700" ind1="0" ind2=" ">
    <subfield code="a">&#xE27;&#xE34;&#xE27;&#xE31;&#xE18;&#xE19;&#xE4C; &#xE08;&#xE34;&#xE42;&#xE23;&#xE08;&#xE19;&#xE4C;&#xE01;&#xE38;&#xE25;</subfield>
    <subfield code="9">65253</subfield>
  </datafield>
  <datafield tag="700" ind1="0" ind2=" ">
    <subfield code="a">&#xE1B;&#xE23;&#xE32;&#xE0A;&#xE0D;&#xE4C; &#xE2A;&#xE32;&#xE21;&#xE2A;&#xE35;</subfield>
    <subfield code="9">65254</subfield>
  </datafield>
  <datafield tag="942" ind1=" " ind2=" ">
    <subfield code="c">GB</subfield>
    <subfield code="2">lcc</subfield>
  </datafield>
  <datafield tag="996" ind1=" " ind2=" ">
    <subfield code="a">pitikan.s</subfield>
    <subfield code="b">CATSTF	</subfield>
    <subfield code="c">2024-11-29</subfield>
  </datafield>
  <datafield tag="996" ind1=" " ind2=" ">
    <subfield code="a">saiphon.d</subfield>
    <subfield code="b">CATSTF	</subfield>
    <subfield code="c">2024-12-03</subfield>
  </datafield>
  <datafield tag="999" ind1=" " ind2=" ">
    <subfield code="c">106198</subfield>
    <subfield code="d">106198</subfield>
  </datafield>
  <datafield tag="998" ind1=" " ind2=" ">
    <subfield code="j">8</subfield>
    <subfield code="k"> &#xE19;&#xE32;&#xE22;&#xE1A;&#xE31;&#xE13;&#xE11;&#xE34;&#xE15;  &#xE2D;&#xE38;&#xE17;&#xE32;&#xE27;&#xE07;&#xE04;&#xE4C;</subfield>
  </datafield>
  <datafield tag="952" ind1=" " ind2=" ">
    <subfield code="0">0</subfield>
    <subfield code="1">0</subfield>
    <subfield code="2">lcc</subfield>
    <subfield code="4">0</subfield>
    <subfield code="7">0</subfield>
    <subfield code="8">CGBL</subfield>
    <subfield code="a">NALT</subfield>
    <subfield code="b">NALT</subfield>
    <subfield code="c">GEN</subfield>
    <subfield code="d">2024-11-29</subfield>
    <subfield code="l">1</subfield>
    <subfield code="m">1</subfield>
    <subfield code="o">DS 584 &#xE1B;524&#xE2A; 2567</subfield>
    <subfield code="p">3961214751</subfield>
    <subfield code="r">2025-01-06 00:00:00</subfield>
    <subfield code="s">2024-12-19</subfield>
    <subfield code="t">&#xE09;.1</subfield>
    <subfield code="w">2024-11-29</subfield>
    <subfield code="y">GB</subfield>
  </datafield>
  <datafield tag="952" ind1=" " ind2=" ">
    <subfield code="0">0</subfield>
    <subfield code="1">0</subfield>
    <subfield code="2">lcc</subfield>
    <subfield code="4">0</subfield>
    <subfield code="7">0</subfield>
    <subfield code="8">CGBL</subfield>
    <subfield code="a">NALT</subfield>
    <subfield code="b">NALT</subfield>
    <subfield code="c">GEN</subfield>
    <subfield code="d">2024-12-12</subfield>
    <subfield code="l">0</subfield>
    <subfield code="o">DS 584 &#xE1B;524&#xE2A; 2567</subfield>
    <subfield code="p">3961214791</subfield>
    <subfield code="r">2024-12-12 00:00:00</subfield>
    <subfield code="t">&#xE09;.2</subfield>
    <subfield code="w">2024-12-12</subfield>
    <subfield code="y">GB</subfield>
  </datafield>
</record>
